|
|
|
|
| LEADER |
00000nab#a22000007a#4500 |
| 001 |
arbauad036123 |
| 003 |
AR-BaUAD |
| 005 |
20250711112845.0 |
| 008 |
990325|||||||||###||||||b###|0###a|spa|| |
| 040 |
|
|
|a AR-BaUAD
|c AR-BaUAD
|b spa
|
| 245 |
1 |
0 |
|a La firma e l'egotismo Bisogna proprio firmare un progetto?
|
| 300 |
0 |
|
|b fot.
|
| 653 |
|
|
|a DISEÑO INDUSTRIAL
|
| 653 |
|
|
|a MARI, ENZO
|
| 653 |
|
|
|a MARISCAL, JAVIER
|
| 653 |
|
|
|a GLASER, MILTON
|
| 653 |
|
|
|a FLETCHER, ALAN
|
| 653 |
|
|
|a SOTTSASS, ETTORE
|
| 653 |
|
|
|a VENTURI, ROBERT
|
| 653 |
|
|
|a ALESSI, ALBERTO
|
| 653 |
|
|
|a KALMAN, TIBOR
|
| 653 |
|
|
|a MAURER, INGO
|
| 653 |
|
|
|a CASTIGLIONI, ACHILLE
|
| 653 |
|
|
|a WILSON, ROBERT
|
| 653 |
|
|
|a FOSTER, NORMAN
|
| 653 |
|
|
|a ISOZAKI, ARATA
|
| 773 |
0 |
|
|t DOMUS
|g Nº811 [ene. 1999], p. 101-105
|
| 942 |
|
|
|c ARTI
|
| 952 |
|
|
|0 0
|1 0
|4 0
|7 0
|9 81042
|a AR-BAuAD
|b AR-BAuAD
|d 2025-07-11
|l 0
|p AAQA036123
|r 2025-07-11 11:28:45
|w 2025-07-11
|y ARTI
|
| 990 |
|
|
|a DI199
|b TD
|
| 998 |
|
|
|a AAQ
|b BIBUN76
|
| 999 |
|
|
|c 60715
|d 60715
|